00708nam a2200229Ia 4500003000900000008004100009040001300050040001300063041000800076100002200084100000900106245007700115250000900192260001400201260000900215300001100224300001000235490000600245942000700251999001700258952020300275IT-RoPAU120407s9999 xx 000 0 und d aIT-RoPAU cIT-RoPAU aita aGirolamo Morreale cs.j. aLa consacrazione al Cuore Immacolato di Maria nella dottrina di Pio XII. aRoma aDesclée c1964 a119 p. c17 cm v1 cBK c24665d24665 00102ddc406243_300000000000000_3571aPAULUSbPAULUSd2012-04-11l0o243.3.35r2012-04-11 00:00:00w2012-04-11yBKzInserito da: Jole In data: 12 settembre 2011 fondo: Via A.Severo 56 Progr:18867